Reflexiones autocríticas sobre el catolicismo / (Record no. 124266)

MARC details
000 -LEADER
campo de control de longitud fija 00888nam a2200229 i 4500
001 - NÚMERO DE CONTROL
campo de control 124266
003 - IDENTIFICADOR DE NÚMERO DE CONTROL
campo de control ES-MaACL
005 - FECHA Y HORA DE LA ÚLTIMA TRANSACCIÓN
campo de control 20230906192346.0
008 - DATOS DE LONGITUD FIJA--INFORMACIÓN GENERAL
campo de control de longitud fija 070214s1966 sp |||| | spa d
245 00 - MENCIÓN DEL TÍTULO
Título Reflexiones autocríticas sobre el catolicismo /
Mención de responsabilidad, etc. Magdalen Goffin ... [et al.] ; introducción de Michael de la Beyodere ; prólogo a la edición española de Monseñor Roberts S. J. ; versión castellana de José Antonio Balbontín.
250 ## - MENCION DE EDICION
Mención de edición 1ª ed.
260 ## - PUBLICACIÓN, DISTRIBUCIÓN, ETC.
Lugar de publicación, distribución, etc. Barcelona :
Nombre del editor, distribuidor, etc. Nova Terra,
Fecha de publicación, distribución, etc. 1966.
300 ## - DESCRIPCIÓN FÍSICA
Extensión 202 p. ;
Dimensiones 19 cm.
490 1# - MENCIÓN DE SERIE
Mención de serie 1966, Tiempo de Concilio
650 04 - PUNTO DE ACCESO ADICIONAL DE MATERIA--TÉRMINO DE MATERIA
Término de materia o nombre geográfico como elemento de entrada Apologética.
9 (RLIN) 9921
700 1# - ENTRADA AGREGADA--NOMBRE PERSONAL
Nombre de persona Goffin, Magdalen.
9 (RLIN) 57588
700 1# - ENTRADA AGREGADA--NOMBRE PERSONAL
Nombre de persona De la Bedoyere, Michael.
9 (RLIN) 170853
700 1# - ENTRADA AGREGADA--NOMBRE PERSONAL
Nombre de persona Balbontín, José Antonio,
Fechas asociadas al nombre 1893-1977
9 (RLIN) 24853
830 0# - PUNTO DE ACCESO ADICIONAL DE SERIE-TÍTULO UNIFORME
Título uniforme 1966, Tiempo de Concilio
9 (RLIN) 219000
852 ## - LOCALIZACIÓN
Ubicación ES-MaACL
Número de control de estantería C-31134
Holdings
Estatus retirado Estado de pérdida Estado de daño No para préstamo Biblioteca de origen Biblioteca actual Ubicación en estantería Fecha de adquisición Fuente de adquisición Total de préstamos Signatura topográfica completa Código de barras Visto por última vez Precio de reemplazo Tipo de ítem Koha
        Biblioteca del Ateneo de Madrid Biblioteca del Ateneo de Madrid Depósito 2 17/01/2008     C-31134 1129464 23/02/2023 23/02/2023 Libro impreso